Euskaleriaren yakintza (Record no. 61356)

MARC details
000 -LEADER
campo de control de longitud fija 00522nam a2200169 i 4500
001 - NÚMERO DE CONTROL
campo de control 61356
003 - IDENTIFICADOR DE NÚMERO DE CONTROL
campo de control ES-MaACL
007 - CAMPO FIJO DE DESCRIPCIÓN FÍSICA--INFORMACIÓN GENERAL
campo de control de longitud fija t|
008 - DATOS DE LONGITUD FIJA--INFORMACIÓN GENERAL
campo de control de longitud fija 031111s1947 sp ||||1| spa d
245 00 - MENCIÓN DEL TÍTULO
Título Euskaleriaren yakintza
Resto del título : (literatura popular del País Vasco) /
Mención de responsabilidad, etc. por Resurreción María de Azkue.
260 ## - PUBLICACIÓN, DISTRIBUCIÓN, ETC.
Lugar de publicación, distribución, etc. Madrid :
Nombre del editor, distribuidor, etc. Espasa-Calpe,
Fecha de publicación, distribución, etc. [1947]
300 ## - DESCRIPCIÓN FÍSICA
Extensión 458 p., 26 lám. ;
Dimensiones 25 cm.
500 ## - NOTA GENERAL
Nota general Ed. Bilingüe.
700 0# - ENTRADA AGREGADA--NOMBRE PERSONAL
Nombre de persona Azkue, Resurrección María de
9 (RLIN) 24296
852 ## - LOCALIZACIÓN
Ubicación ES-MaACL
Número de control de estantería E-4582
Holdings
Estatus retirado Estado de pérdida Estado de daño No para préstamo Biblioteca de origen Biblioteca actual Ubicación en estantería Fecha de adquisición Fuente de adquisición Total de préstamos Signatura topográfica completa Código de barras Visto por última vez Precio de reemplazo Tipo de ítem Koha
        Biblioteca del Ateneo de Madrid Biblioteca del Ateneo de Madrid Depósito 2 17/01/2008     E-4582 1064339 23/02/2023 23/02/2023 Libro impreso